Determinación del perfil profesional del Ingeniero Industrial que requiere la sociedad nicaragüense
Determina el perfil profesional del ingeniero industrial, tomando en consideración las partes involucradas tales como: empresas, instituciones, asociaciones afines, docentes graduados, egresados y estudiantes. Define la carrera de Ingeniería Industrial y sus respectivas áreas de aplicación.
| Main Authors: | , , |
|---|---|
| Other Authors: | |
| Format: | Tesis Section = Libro |
| Language: | Undetermined Spanish |
| Published: |
Managua
UNI
1997
|
| Subjects: |
| LEADER | 01127nam a2200253Ia 4500 | ||
|---|---|---|---|
| 008 | 240830s9999 xx 000 0 und d | ||
| 040 | |a BIBLIOTECA-RUPAP MON 370.115 P436 | ||
| 041 | |a spa | ||
| 082 | |a MON 370.115 P436 | ||
| 100 | 1 | |a Pereira Roa, Sandra Otilia | |
| 100 | 1 | |b Treminio Rojas, Norma del Carmen | |
| 100 | 1 | |c Velázquez Vargas, Glenda Marcia | |
| 245 | 1 | 0 | |a Determinación del perfil profesional del Ingeniero Industrial que requiere la sociedad nicaragüense |
| 260 | |a Managua |b UNI |c 1997 | ||
| 300 | |a 195 p. :il. | ||
| 500 | |a Contiene: anexo y gráficos. | ||
| 502 | |a Tesis (Ingeniero Industrial)- UNI, 1997. | ||
| 520 | 3 | |a Determina el perfil profesional del ingeniero industrial, tomando en consideración las partes involucradas tales como: empresas, instituciones, asociaciones afines, docentes graduados, egresados y estudiantes. Define la carrera de Ingeniería Industrial y sus respectivas áreas de aplicación. | |
| 650 | 7 | |a EDUCACIÓN (UNIVERSIDADES) | |
| 650 | 7 | |b EDUCACIÓN ASPECTO SOCIAL | |
| 700 | 1 | |a Tutor: |b Urbina Villalta, Aldo | |
| 942 | |c BK |2 ddc | ||
| 991 | |a TESIS | ||
| 999 | |c 15586 | ||